Pozícia vzdelávania v študijnom programe Účtovníctvo a audítorstvo na Fakulte hospodárskej informatiky Ekonomickej univerzity v Bratislave vo svetle požiadaviek medzinárodných vzdelávacích štandardo účtovných odborníkov

Guardado en:
Detalles Bibliográficos
Autor principal: Soukupová, Božena
Formato: Capítulo de libro
Lenguaje:eslovaco
Etiquetas: Agregar Etiqueta
Sin Etiquetas, Sea el primero en etiquetar este registro!

MARC

LEADER 00000naa$a2200000$$$4500
001 0063703
005 20240502071734.4
041 0 |a slo 
044 |a SK 
245 1 0 |a Pozícia vzdelávania v študijnom programe Účtovníctvo a audítorstvo na Fakulte hospodárskej informatiky Ekonomickej univerzity v Bratislave vo svetle požiadaviek medzinárodných vzdelávacích štandardo účtovných odborníkov  |c Božena Soukupová 
100 1 |a Soukupová, Božena